000 00414nam a2200193Ia 4500
008 240510s9999 xx 000 0 und d
020 _a9789556671810
041 _asih
082 _a891.483
082 _bS34
100 _aSILVA ,Anulada De
245 0 _aPinmada Gahanu
260 _bColombo:Pahan Publishing
260 _c2012
300 _a234 p.
650 _aNovel
942 _2ddc
942 _cLBK
999 _c28851
_d28851
945 _a1
_bMadushi Gamage
_c1
_dMadushi Gamage